[Event "NCA-ch U20"]
[Site "Managua"]
[Date "2021.07.04"]
[Round "7"]
[White "Munoz Molina, Kevin Wesly"]
[Black "Castillo Sevilla, Ian Eiffel"]
[Result "0-1"]
[WhiteElo "1310"]
[BlackElo "2004"]
[PlyCount "44"]
[EventDate "2021.06.26"]
[EventType "swiss"]
[EventRounds "9"]
[EventCountry "NCA"]
[SourceTitle "EXT 2022"]
[Source "ChessBase"]
[SourceDate "2021.10.06"]
[SourceVersion "1"]
[SourceVersionDate "2021.10.06"]
[SourceQuality "1"]

1. e4 c5 2. Nc3 Nc6 3. Nf3 g6 4. d4 cxd4 5. Nxd4 Bg7 6. Be3 Nf6 7. Be2 0-0 8. Qd2 d6 9. 0-0-0 Ng4 10. Bxg4 Bxg4 11. f3 Bd7 12. Kb1 Ne5 13. Qe2 Rc8 14. g4 Re8 15. h4 Nc4 16. Bc1 Qa5 17. h5 Na3+ 18. Ka1 Rxc3 19. bxc3 Rc8 20. Bxa3 Qxa3 21. Qe3 Be6 22. Nb3 Rxc3 0-1

[Event "NCA-ch U20"]
[Site "Managua"]
[Date "2021.07.03"]
[Round "5"]
[White "Munoz Molina, Kevin Wesly"]
[Black "Granados Ortiz, Maria Jose"]
[Result "1-0"]
[WhiteElo "1310"]
[BlackElo "1732"]
[PlyCount "59"]
[EventDate "2021.06.26"]
[EventType "swiss"]
[EventRounds "9"]
[EventCountry "NCA"]
[SourceTitle "EXT 2022"]
[Source "ChessBase"]
[SourceDate "2021.10.06"]
[SourceVersion "1"]
[SourceVersionDate "2021.10.06"]
[SourceQuality "1"]

1. e4 Nf6 2. e5 Nd5 3. Nc3 e6 4. Nxd5 exd5 5. d4 d6 6. Nf3 Bg4 7. h3 Bh5 8. Be2 Be7 9. Bf4 0-0 10. c3 c6 11. 0-0 dxe5 12. dxe5 Nd7 13. Re1 Re8 14. Nd4 Bxe2 15. Rxe2 Bc5 16. Qd3 Bxd4 17. cxd4 Nf8 18. Rae1 Ne6 19. Bd2 Qb6 20. Bc3 Nf4 21. Qf5 Nxe2+ 22. Rxe2 Re6 23. Re3 Rae8 24. Rf3 Qc7 25. Bb4 b6 26. Bd6 Qd7 27. g4 f6 28. Qf4 fxe5 29. Qf8+ Rxf8 30. Rxf8# 1-0

[Event "Managua Hurtado Memorial 20th"]
[Site "Managua"]
[Date "2020.12.29"]
[Round "7"]
[White "Rios, Edgard"]
[Black "Munoz Molina, Kevin Wesly"]
[Result "1-0"]
[WhiteElo "1784"]
[BlackElo "1231"]
[PlyCount "119"]
[EventDate "2020.12.26"]
[EventType "swiss"]
[EventRounds "9"]
[EventCountry "NCA"]
[SourceTitle "CBM 200 Extra"]
[Source "ChessBase"]
[SourceDate "2021.03.31"]
[SourceVersion "1"]
[SourceVersionDate "2021.03.31"]
[SourceQuality "1"]

1. d4 Nf6 2. Bf4 g6 3. Nc3 Bg7 4. e4 d6 5. Qd2 0-0 6. 0-0-0 Nc6 7. f3 Nd7 8. Bh6 e5 9. d5 Nd4 10. h4 f5 11. Nge2 f4 12. Nxd4 exd4 13. Bxg7 Kxg7 14. Qxd4+ Ne5 15. Be2 Qf6 16. Rdg1 Kg8 17. Kb1 Nd7 18. Qxf6 Nxf6 19. g3 Nh5 20. g4 Ng3 21. Rh2 h6 22. Bc4 Kg7 23. Ne2 Nxe2 24. Rxe2 Re8 25. Bd3 Bd7 26. c4 b6 27. b4 a5 28. b5 Re7 29. Kb2 Rae8 30. a4 Bc8 31. Kc3 Re5 32. Rh2 R8e7 33. Kd4 Kf8 34. Bf1 Ke8 35. Bh3 Kd8 36. Rd1 Re8 37. Bf1 R8e7 38. Bd3 Bb7 39. Rb2 Kd7 40. Bc2 Re8 41. Kc3 Ba8 42. Bd3 Bb7 43. Bf1 Ba8 44. Bh3 Kd8 45. c5 dxc5 46. Rbd2 Kd7 47. d6 c6 48. g5+ Kd8 49. d7 Rh8 50. bxc6 Bxc6 51. Rd6 Bxa4 52. Rxb6 Kc7 53. Rdb1 Bc6 54. gxh6 Bxe4 55. fxe4 Rxe4 56. Rb7+ Kd6 57. Rb8 Re3+ 58. Kc2 Rxh6 59. Rd1+ Ke7 60. d8Q+ 1-0

[Event "Managua Hurtado Memorial 20th"]
[Site "Managua"]
[Date "2020.12.28"]
[Round "5"]
[White "Munoz Molina, Kevin Wesly"]
[Black "Martinez Gutierrez, Camila Renata"]
[Result "1-0"]
[WhiteElo "1231"]
[BlackElo "1247"]
[PlyCount "129"]
[EventDate "2020.12.26"]
[EventType "swiss"]
[EventRounds "9"]
[EventCountry "NCA"]
[SourceTitle "CBM 200 Extra"]
[Source "ChessBase"]
[SourceDate "2021.03.31"]
[SourceVersion "1"]
[SourceVersionDate "2021.03.31"]
[SourceQuality "1"]

1. e4 g6 2. Nf3 Bg7 3. d4 d6 4. c4 Nf6 5. Nc3 Bg4 6. Be2 0-0 7. 0-0 c5 8. d5 Nbd7 9. Ne1 Bxe2 10. Qxe2 Re8 11. Nd3 Nb6 12. b3 Qd7 13. Bb2 e6 14. f3 Re7 15. Qd2 Rae8 16. dxe6 Rxe6 17. Nf4 Bh6 18. Nce2 Qc7 19. Nxe6 Bxd2 20. Nxc7 Be3+ 21. Kh1 Rc8 22. Bxf6 Rxc7 23. Rad1 Rc6 24. e5 Nd7 25. Rxd6 Rxd6 26. exd6 Nxf6 27. Rd1 Nd7 28. Nc3 a6 29. Nd5 Bd4 30. Re1 Be5 31. Ne7+ Kf8 32. Rd1 Kg7 33. Nc8 Kf6 34. Nb6 Ke6 35. Nxd7 Kxd7 36. g3 Bxd6 37. Kg2 Ke6 38. f4 f5 39. Kf3 h5 40. h3 Be7 41. g4 b5 42. Rg1 hxg4+ 43. hxg4 Kd6 44. gxf5 gxf5 45. Rg6+ Kc7 46. Rxa6 bxc4 47. bxc4 Kb7 48. Re6 Bd8 49. Re5 Kb6 50. Rxf5 Be7 51. Ke4 Ka5 52. Kd5 Kb4 53. Rf7 Bd8 54. f5 Ka3 55. f6 Bxf6 56. Rxf6 Kxa2 57. Kxc5 Kb3 58. Rf3+ Kc2 59. Kd4 Kd2 60. Rf2+ Kd1 61. Kd3 Ke1 62. Ra2 Kf1 63. Ke3 Kg1 64. Kf3 Kh1 65. Kg3 1-0

[Event "Managua Hurtado Memorial 20th"]
[Site "Managua"]
[Date "2020.12.27"]
[Round "3"]
[White "Walter, Daniel"]
[Black "Munoz Molina, Kevin Wesly"]
[Result "0-1"]
[WhiteElo "1736"]
[BlackElo "1231"]
[PlyCount "66"]
[EventDate "2020.12.26"]
[EventType "swiss"]
[EventRounds "9"]
[EventCountry "NCA"]
[SourceTitle "CBM 200 Extra"]
[Source "ChessBase"]
[SourceDate "2021.03.31"]
[SourceVersion "1"]
[SourceVersionDate "2021.03.31"]
[SourceQuality "1"]

1. d4 Nf6 2. Nf3 g6 3. g3 Bg7 4. Bg2 d5 5. 0-0 0-0 6. c3 c6 7. Bg5 Nbd7 8. Nbd2 Re8 9. Re1 h6 10. Bxf6 exf6 11. e4 Nb6 12. exd5 Nxd5 13. Ne4 Bg4 14. Qd3 Bf5 15. Nfd2 Qd7 16. h3 Bxh3 17. Nc5 Rxe1+ 18. Rxe1 Qf5 19. Qxf5 Bxf5 20. Nxb7 Rb8 21. Bxd5 cxd5 22. Re7 Kf8 23. Rc7 a5 24. Nb3 a4 25. N3c5 Kg8 26. Nxa4 Bf8 27. b4 Ra8 28. Na5 Re8 29. Nb6 Re1+ 30. Kh2 Be4 31. Kh3 Rh1+ 32. Kg4 g5 33. f3 f5# 0-1

[Event "NCA-chT 1st Stage"]
[Site "Managua"]
[Date "2020.10.04"]
[Round "3.26"]
[White "Moncada, Orlando Jose"]
[Black "Munoz Molina, Kevin Wesly"]
[Result "1-0"]
[WhiteElo "1526"]
[BlackElo "1228"]
[PlyCount "67"]
[EventDate "2020.10.03"]
[EventType "team-swiss"]
[EventRounds "9"]
[EventCountry "NCA"]
[SourceTitle "EXT 2022"]
[Source "ChessBase"]
[SourceDate "2021.10.06"]
[SourceVersion "1"]
[SourceVersionDate "2021.10.06"]
[SourceQuality "1"]

1. e4 e5 2. f4 exf4 3. Nf3 Nc6 4. d4 d5 5. e5 Bg4 6. Bxf4 Qe7 7. Be2 h6 8. c3 f6 9. exf6 Nxf6 10. 0-0 g5 11. Be5 0-0-0 12. Bxf6 Qxf6 13. Ne5 Bxe2 14. Qxe2 Qe7 15. Qg4+ Kb8 16. Nxc6+ bxc6 17. Nd2 Qe3+ 18. Rf2 Bd6 19. Nf3 Rhf8 20. Re1 Bxh2+ 21. Kf1 Qd3+ 22. Rfe2 Rde8 23. Kf2 Rxe2+ 24. Rxe2 Bg1+ 25. Kf1 Qd1+ 26. Re1 Qd2 27. Kxg1 Qxb2 28. Qg3 Qxc3 29. Re7 Qc1+ 30. Kh2 Qf4 31. Re6 Kb7 32. Rxh6 Kb6 33. Qxf4 gxf4 34. Ne5 1-0

[Event "Managua Ramirez de Arellano Memorial"]
[Site "Managua"]
[Date "2020.07.25"]
[Round "7"]
[White "Vanegas Lopez, Natanael Emanuel"]
[Black "Munoz Molina, Kevin Wesly"]
[Result "1-0"]
[WhiteElo "1429"]
[BlackElo "1088"]
[PlyCount "187"]
[EventDate "2020.07.11"]
[EventType "swiss"]
[EventRounds "9"]
[EventCountry "NCA"]
[SourceTitle "EXT 2021"]
[Source "ChessBase"]
[SourceDate "2020.10.23"]
[SourceVersion "1"]
[SourceVersionDate "2020.10.23"]
[SourceQuality "1"]

1. d4 Nf6 2. Nf3 g6 3. e3 Bg7 4. Be2 d6 5. c4 0-0 6. 0-0 Nbd7 7. Nc3 c5 8. Re1 Nb6 9. b3 cxd4 10. exd4 Bf5 11. Nh4 Ne4 12. Nxe4 Bxe4 13. Nf3 Nd7 14. Bb2 Nc5 15. Qd2 Ne6 16. Qe3 f5 17. Bd3 d5 18. c5 Nxc5 19. Bf1 Rc8 20. Rac1 Qa5 21. Bc3 Qxa2 22. dxc5 Qxb3 23. Bxg7 Qxe3 24. Rxe3 Kxg7 25. Ra3 Bxf3 26. gxf3 a6 27. Rb3 Rc7 28. Kg2 e5 29. Re3 Kf6 30. Rb3 b5 31. Ra3 Rc6 32. Rca1 Ra8 33. Bxb5 Rxc5 34. Rxa6+ Rxa6 35. Rxa6+ Kg5 36. Be8 d4 37. Ra7 Rc8 38. Ba4 h6 39. Ra5 Kf6 40. h4 Rd8 41. Ra6+ Kf7 42. Bb3+ Kg7 43. Re6 Rb8 44. Bc2 Rc8 45. Bb3 Rb8 46. Bc4 Rc8 47. Bd5 Rd8 48. Rxe5 d3 49. Kf1 Rb8 50. Ke1 Rb1+ 51. Kd2 Rb2+ 52. Kxd3 Rxf2 53. Re7+ Kf6 54. Rh7 Ke5 55. Bb7 h5 56. Rc7 Rh2 57. Rc5+ Kf6 58. Rc4 Rb2 59. Ba8 Ra2 60. Bc6 Ra6 61. Ke3 Ra3+ 62. Kf4 Ra1 63. Bb7 Rb1 64. Rc6+ Kg7 65. Ba6 Rb4+ 66. Kg5 Rb1 67. Rc7+ Kf8 68. Kxg6 Rb6+ 69. Kxh5 Rxa6 70. Kg5 Ra3 71. f4 Rh3 72. h5 Rh1 73. h6 Kg8 74. Kg6 Rg1+ 75. Kxf5 Rh1 76. Kg6 Rg1+ 77. Kf6 Rf1 78. f5 Rh1 79. Rg7+ Kh8 80. Rg6 Rh5 81. Ke6 Rh1 82. f6 Re1+ 83. Kf7 Kh7 84. Rg8 Kxh6 85. Re8 Rf1 86. Re2 Kg5 87. Rg2+ Kh6 88. Ke7 Re1+ 89. Kf8 Rf1 90. f7 Rb1 91. Rg8 Rb8+ 92. Ke7 Rb7+ 93. Ke6 Rb6+ 94. Kd5 1-0

[Event "Managua Ramirez de Arellano Memorial"]
[Site "Managua"]
[Date "2020.07.18"]
[Round "4"]
[White "Munoz Molina, Kevin Wesly"]
[Black "Ortiz, Heriberto"]
[Result "0-1"]
[WhiteElo "1088"]
[BlackElo "1883"]
[PlyCount "102"]
[EventDate "2020.07.11"]
[EventType "swiss"]
[EventRounds "9"]
[EventCountry "NCA"]
[SourceTitle "EXT 2021"]
[Source "ChessBase"]
[SourceDate "2020.10.23"]
[SourceVersion "1"]
[SourceVersionDate "2020.10.23"]
[SourceQuality "1"]

1. e4 c5 2. Nf3 Nc6 3. d4 cxd4 4. Nxd4 d6 5. Nc3 g6 6. Be2 Bg7 7. Be3 Nf6 8. 0-0 0-0 9. h3 Bd7 10. Qd2 Rc8 11. a3 a6 12. b4 Nxd4 13. Bxd4 Qc7 14. Nd5 Nxd5 15. Bxg7 Kxg7 16. Qxd5 Qxc2 17. Qxb7 Rc7 18. Qxa6 Qxe4 19. Bf3 Qf5 20. Bg4 Qb5 21. Qxb5 Bxb5 22. Rfe1 Ra7 23. Be2 Bxe2 24. Rxe2 Rb8 25. Rb2 Ra4 26. b5 d5 27. b6 e6 28. b7 Ra7 29. Rab1 Rxa3 30. Rc1 Ra7 31. Rc7 Ra1+ 32. Kh2 Ra7 33. Kg3 Kf6 34. Kf4 Ra3 35. f3 g5+ 36. Kg4 h5+ 37. Kxh5 Ra4 38. Rxf7+ Kxf7 39. Kxg5 Ra7 40. g4 Raxb7 41. Rd2 Rb3 42. Kf4 R8b4+ 43. Kg3 Rc3 44. h4 Rbb3 45. Rf2 e5 46. Kg2 d4 47. h5 Kf6 48. Ra2 Rxf3 49. Ra6+ Kg7 50. Ra7+ Kf6 51. h6 Kg6 0-1

[Event "Managua Ramirez de Arellano Memorial"]
[Site "Managua"]
[Date "2020.07.12"]
[Round "2"]
[White "Castillo, Rommel"]
[Black "Munoz Molina, Kevin Wesly"]
[Result "1-0"]
[WhiteElo "1901"]
[BlackElo "1088"]
[PlyCount "102"]
[EventDate "2020.07.11"]
[EventType "swiss"]
[EventRounds "9"]
[EventCountry "NCA"]
[SourceTitle "EXT 2021"]
[Source "ChessBase"]
[SourceDate "2020.10.23"]
[SourceVersion "1"]
[SourceVersionDate "2020.10.23"]
[SourceQuality "1"]

1. c4 g6 2. Nc3 Bg7 3. g3 Nf6 4. Bg2 0-0 5. d4 d6 6. e4 e5 7. Nge2 c5 8. dxc5 dxc5 9. Qxd8 Rxd8 10. Be3 b6 11. h3 Be6 12. Nd5 Nc6 13. 0-0-0 Nd4 14. Nec3 Bxd5 15. exd5 Ne8 16. Rhe1 Nd6 17. b3 f5 18. f4 e4 19. Ne2 b5 20. Bxd4 cxd4 21. Nxd4 bxc4 22. Nc6 Rd7 23. Bf1 cxb3 24. axb3 a5 25. Re2 Rb7 26. Kc2 a4 27. b4 a3 28. Kb3 Nb5 29. Ne5 a2 30. Ree1 Nd6 31. Ra1 Rba7 32. Rec1 Ra3+ 33. Kb2 Rxg3 34. Rxa2 Rxa2+ 35. Kxa2 g5 36. Nc4 Nxc4 37. Bxc4 Rc3 38. d6+ Kf8 39. Rxc3 Bxc3 40. Kb3 Bd2 41. fxg5 Bxg5 42. Be6 f4 43. Bf5 e3 44. Bg4 Kf7 45. Kc4 Bd8 46. Kd5 Kg6 47. b5 h5 48. Bf3 Ba5 49. Kc6 Kf7 50. b6 Bxb6 51. Kxb6 Ke8 1-0

[Event "Managua Ramirez de Arellano Memorial"]
[Site "Managua"]
[Date "2020.07.11"]
[Round "1"]
[White "Munoz Molina, Kevin Wesly"]
[Black "Rios, Edgard"]
[Result "1-0"]
[WhiteElo "1088"]
[BlackElo "1813"]
[PlyCount "111"]
[EventDate "2020.07.11"]
[EventType "swiss"]
[EventRounds "9"]
[EventCountry "NCA"]
[SourceTitle "EXT 2021"]
[Source "ChessBase"]
[SourceDate "2020.10.23"]
[SourceVersion "1"]
[SourceVersionDate "2020.10.23"]
[SourceQuality "1"]

1. e4 e5 2. Nf3 Nc6 3. Bc4 Bc5 4. 0-0 Nf6 5. d4 exd4 6. e5 d5 7. exf6 dxc4 8. Re1+ Be6 9. Ng5 Qxf6 10. Nxe6 fxe6 11. Qh5+ g6 12. Qxc5 Rf8 13. f3 e5 14. Nd2 0-0-0 15. Qxc4 Kb8 16. Ne4 Qf5 17. Ng5 Rd7 18. Qe6 Re7 19. Qxf5 gxf5 20. f4 e4 21. b3 h6 22. Nh3 Rd7 23. Bd2 Rg8 24. Rad1 Re8 25. Nf2 Rde7 26. Nh1 e3 27. Bc1 Re4 28. Ng3 Rxf4 29. Ne2 Rfe4 30. c3 dxc3 31. Nxc3 R4e6 32. Nd5 f4 33. Nxf4 Re4 34. Nd5 e2 35. Rd2 Nd4 36. Nf6 c5 37. Nxe8 Rxe8 38. Bb2 Nc6 39. Rdxe2 Rc8 40. Re8 Rxe8 41. Rxe8+ Kc7 42. Rh8 Nb4 43. a4 Nd3 44. Bf6 Nc1 45. Rxh6 Nxb3 46. Be5+ Kd7 47. Rh7+ Kc6 48. g4 c4 49. g5 Kd5 50. Bc3 Nc5 51. g6 Nxa4 52. g7 Nxc3 53. g8Q+ Kd4 54. Rh4+ Ne4 55. Rxe4+ Kxe4 56. Qxc4+ 1-0

[Event "NCA-ch U20"]
[Site "Managua"]
[Date "2020.06.26"]
[Round "1"]
[White "Munoz Molina, Kevin Wesly"]
[Black "Granados Ortiz, Maria Jose"]
[Result "1/2-1/2"]
[WhiteElo "1032"]
[BlackElo "1691"]
[PlyCount "67"]
[EventDate "2020.06.20"]
[EventType "tourn"]
[EventRounds "9"]
[EventCountry "NCA"]
[SourceTitle "CBM 197 Extra"]
[Source "ChessBase"]
[SourceDate "2020.09.30"]
[SourceVersion "1"]
[SourceVersionDate "2020.09.30"]
[SourceQuality "1"]

1. e4 Nf6 2. e5 Nd5 3. Nc3 e6 4. Nxd5 exd5 5. d4 d6 6. Nf3 Bg4 7. Be2 Be7 8. 0-0 0-0 9. h3 Bh5 10. Bf4 Re8 11. c3 c6 12. Re1 dxe5 13. Nxe5 Bxe2 14. Rxe2 Bf6 15. Qd3 Nd7 16. Nxd7 Qxd7 17. Rae1 Rxe2 18. Qxe2 Kf8 19. Kf1 Re8 20. Bd6+ Be7 21. Bxe7+ Rxe7 22. Qxe7+ Qxe7 23. Rxe7 Kxe7 24. Ke2 Ke6 25. Ke3 Kf5 26. Kf3 h5 27. g4+ Kg5 28. Kg3 h4+ 29. Kf3 f5 30. gxf5 Kxf5 31. Ke3 a5 32. b3 b6 33. a3 b5 34. f4 1/2-1/2

[Event "Managua Gomez Argenal Memorial"]
[Site "Managua"]
[Date "2020.06.13"]
[Round "4"]
[White "Berrios Vanegas, Yanko Antonio"]
[Black "Munoz Molina, Kevin Wesly"]
[Result "1-0"]
[WhiteElo "1462"]
[BlackElo "1032"]
[PlyCount "63"]
[EventDate "2020.06.06"]
[EventType "swiss"]
[EventRounds "9"]
[EventCountry "NCA"]
[SourceTitle "CBM 197 Extra"]
[Source "ChessBase"]
[SourceDate "2020.09.30"]
[SourceVersion "1"]
[SourceVersionDate "2020.09.30"]
[SourceQuality "1"]

1. Nf3 Nf6 2. d4 g6 3. Nc3 Bg7 4. e4 d6 5. Bd3 0-0 6. 0-0 Nfd7 7. Be3 e5 8. d5 Nc5 9. Bxc5 dxc5 10. Qe1 Bg4 11. Nd2 Qg5 12. f3 Bh3 13. Rf2 f5 14. Kh1 f4 15. gxh3 Nd7 16. Qg1 Qh4 17. Qg2 a6 18. Rff1 b5 19. b3 Nb6 20. Qg4 Qe7 21. a3 Rac8 22. h4 Rf6 23. a4 b4 24. Ne2 a5 25. Nc4 Rd8 26. Nxa5 Nxd5 27. exd5 c6 28. Nxc6 Rxc6 29. dxc6 e4 30. Bc4+ Kh8 31. Rad1 exf3 32. Qxf3 1-0

[Event "Managua Gomez Argenal Memorial"]
[Site "Managua"]
[Date "2020.06.07"]
[Round "3"]
[White "Munoz Molina, Kevin Wesly"]
[Black "Granados Lopez, Fidel"]
[Result "0-1"]
[WhiteElo "1032"]
[BlackElo "1772"]
[PlyCount "54"]
[EventDate "2020.06.06"]
[EventType "swiss"]
[EventRounds "9"]
[EventCountry "NCA"]
[SourceTitle "CBM 197 Extra"]
[Source "ChessBase"]
[SourceDate "2020.09.30"]
[SourceVersion "1"]
[SourceVersionDate "2020.09.30"]
[SourceQuality "1"]

1. e4 c5 2. Nf3 Nc6 3. d4 cxd4 4. Nxd4 Nf6 5. Nc3 g6 6. Be2 Bg7 7. Bg5 Nxe4 8. Be3 Qa5 9. 0-0 Nxc3 10. bxc3 Qxc3 11. Nb3 0-0 12. h4 Nb4 13. Bd4 Qxc2 14. Bxg7 Qxd1 15. Rfxd1 Kxg7 16. Rd2 d6 17. Rc1 Nc6 18. h5 Bd7 19. g3 Rac8 20. Kg2 Ne5 21. Rh1 Rc4 22. Rh4 Bc6+ 23. Kf1 Rc8 24. h6+ Kg8 25. Nd4 Rc1+ 26. Bd1 Bf3 27. Nxf3 Nxf3 0-1

[Event "Managua Gomez Argenal Memorial"]
[Site "Managua"]
[Date "2020.06.07"]
[Round "2"]
[White "Vanegas Lopez, Natanael Emanuel"]
[Black "Munoz Molina, Kevin Wesly"]
[Result "0-1"]
[WhiteElo "1371"]
[BlackElo "1032"]
[PlyCount "110"]
[EventDate "2020.06.06"]
[EventType "swiss"]
[EventRounds "9"]
[EventCountry "NCA"]
[SourceTitle "CBM 197 Extra"]
[Source "ChessBase"]
[SourceDate "2020.09.30"]
[SourceVersion "1"]
[SourceVersionDate "2020.09.30"]
[SourceQuality "1"]

1. d4 Nf6 2. c4 g6 3. Nc3 Bg7 4. e4 d6 5. Nf3 Nbd7 6. Bd3 e5 7. dxe5 dxe5 8. 0-0 0-0 9. Bg5 Re8 10. Nd5 c6 11. Nxf6+ Nxf6 12. h3 Qb6 13. Qc2 Nh5 14. c5 Qc7 15. Rfd1 h6 16. Bd2 Nf4 17. Bc4 Kh8 18. a4 a5 19. Bc3 Qe7 20. Rd2 Qxc5 21. Bxf7 Rf8 22. Qb3 Qe7 23. Bc4 Nxh3+ 24. Kh2 Rxf3 25. gxf3 Qh4 26. Rad1 Nxf2+ 27. Kg1 Qg3+ 28. Kf1 Bh3+ 29. Ke2 Nxd1 30. Qxd1 Qg2+ 31. Ke3 Qg5+ 32. Kf2 Rf8 33. Bf1 Bxf1 34. Qxf1 Qf4 35. Qg2 Qxe4 36. Bxa5 Qh4+ 37. Qg3 Qxg3+ 38. Kxg3 Rf4 39. b3 Rd4 40. Rxd4 exd4 41. Kf4 Kg8 42. Bb6 Kf7 43. Ke4 Ke6 44. Bc7 h5 45. f4 h4 46. Kf3 Kf5 47. Ba5 Bh6 48. Be1 Bxf4 49. Bxh4 d3 50. b4 d2 51. Ke2 g5 52. Bf2 Kg4 53. b5 cxb5 54. axb5 Kh3 55. Bg1 g4 0-1